The noble scholar, jurist, historian


 His Excellency Dr. Abdul Wahhab bin Ibrahim Abu Sulaiman, may Allah have mercy on him.


 He was born in Umm Al-Qura in the year 1356 AH.

من ثمرات المنابر : (Record no. 4138)

MARC details
000 -LEADER
fixed length control field 01111cam a2200265 i 4500
003 - CONTROL NUMBER IDENTIFIER
control field SA-RiAUC
005 - DATE AND TIME OF LATEST TRANSACTION
control field 20241230142611.0
008 - FIXED-LENGTH DATA ELEMENTS--GENERAL INFORMATION
fixed length control field 241228s2007 su g 0001e ara c
020 ## - INTERNATIONAL STANDARD BOOK NUMBER
International Standard Book Number 9789960581361
020 ## - INTERNATIONAL STANDARD BOOK NUMBER
International Standard Book Number 9789960581361
040 ## - CATALOGING SOURCE
Original cataloging agency SA-RiIMS
Language of cataloging ara
Transcribing agency SA-RiAUC
Description conventions rda
082 04 - DEWEY DECIMAL CLASSIFICATION NUMBER
Classification number 814.9531
Assigning agency SA-RiAUC
090 ## - LOCALLY ASSIGNED LC-TYPE CALL NUMBER (OCLC); LOCAL CALL NUMBER (RLIN)
Classification number (OCLC) (R) ; Classification number, CALL (RLIN) (NR) 814.9531
Local cutter number (OCLC) ; Book number/undivided call number, CALL (RLIN) ر ب ي
100 1# - MAIN ENTRY--PERSONAL NAME
Personal name الربيع، محمد بن عبد الرحمن بن حمد،
Dates associated with a name 1366 هجري-
Relator term مؤلف.
245 10 - TITLE STATEMENT
Title من ثمرات المنابر :
Remainder of title شخصيات وقضايا ثقافية وفكرية /
Statement of responsibility, etc. محمد بن عبد الرحمن الربيع.
250 ## - EDITION STATEMENT
Edition statement الطبعة الأولى.
264 #1 - PRODUCTION, PUBLICATION, DISTRIBUTION, MANUFACTURE, AND COPYRIGHT NOTICE
Place of production, publication, distribution, manufacture الرياض :
Name of producer, publisher, distributor, manufacturer محمد بن عبد الرحمن بن حمد الربيع،
Date of production, publication, distribution, manufacture, or copyright notice 2007
300 ## - PHYSICAL DESCRIPTION
Extent 374 صفحة ؛
Dimensions 24 سم
336 ## - CONTENT TYPE
Content type term نص
Content type code txt
Source rdacontent
Materials specified كتاب
337 ## - MEDIA TYPE
Media type term بدون وسيط
Media type code n
Source rdamedia
338 ## - CARRIER TYPE
Carrier type term مجلد
Carrier type code nc
Source rdacarrier
650 #7 - SUBJECT ADDED ENTRY--TOPICAL TERM
Topical term or geographic name entry element الأدب العربي
Geographic subdivision السعودية
Chronological subdivision قرن 14 هجري
Form subdivision مقالات ومحاضرات
Source of heading or term aucsh
942 ## - ADDED ENTRY ELEMENTS (KOHA)
Source of classification or shelving scheme Dewey Decimal Classification
Koha item type Books
Suppress in OPAC No
949 ## - LOCAL PROCESSING INFORMATION (OCLC)
a SA-JeALM
d 241228
u mohamedma123
n 1
Holdings
Withdrawn status Lost status Source of classification or shelving scheme Damaged status Not for loan Home library Current library Date acquired Total checkouts Full call number Barcode Date last seen Price effective from Koha item type
    Dewey Decimal Classification     DR AbdElwahab Library DR AbdElwahab Library 12/30/2024   814.9531 ر ب ي 000006833 12/30/2024 12/30/2024 Books